|
|
|
|
| LEADER |
00927nam a2200217Ia 4500 |
| 001 |
CTU_163547 |
| 008 |
210402s9999 xx 000 0 und d |
| 082 |
|
|
|a 807.12
|
| 082 |
|
|
|b S561
|
| 088 |
|
|
|a 60140111
|
| 100 |
|
|
|a Phan, Thị Ngọc Sương
|
| 245 |
|
0 |
|a So sánh trong dạy học tác phẩm văn chương ở trường Trung học phổ thông :
|
| 245 |
|
0 |
|b Luận văn Thạc sĩ khoa học Giáo dục chuyên ngành Lí luận và Phương pháp dạy học bộ môn Văn-tiếng Việt
|
| 245 |
|
0 |
|c Phan Thị Ngọc Sương; Nguyễn Lâm Điền (Hướng dẫn khoa học)
|
| 260 |
|
|
|a Cần Thơ
|
| 260 |
|
|
|b Trường Đại học Cần Thơ
|
| 260 |
|
|
|c 2010
|
| 650 |
|
|
|a Văn học,Literature
|
| 650 |
|
|
|x Dạy và học,Study and teaching
|
| 904 |
|
|
|i Thoa, Hải
|
| 980 |
|
|
|a Trung tâm Học liệu Trường Đại học Cần Thơ
|